00638nam a22002177a 4500003000400000005001700004008004100021010001300062020002200075035002400097037001600121040001500137082001900152100001800171245009100189260003500280270004500315300002000360650001700380650002300397dpl20180530165636.0180530b xxu||||| |||| 00| 0 eng d aB-019676 c200.00a818710046 aB-019676, B-019680 bCen Lib/Ret aDPLbENc0 a355.00954bMAH aMahajan, R.N. aA career in india's armed forces :cby R.N. Mahajan bhow to make it more attractive / aNew Delhi bOcean Books c2000 bNew Delhi a4/19, asaf ali road e110002 a143p.c20cm(Hb) aIndian army  aCareer opportunity